|
|
|
|
| LEADER |
00000cam a2200000 7i4500 |
| 001 |
0000003386 |
| 005 |
20050824.0 |
| 020 |
0 |
0 |
|a 9837205245
|
| 090 |
0 |
0 |
|a 153.6
|b CON
|
| 100 |
1 |
0 |
|a Condrill, Jo
|
| 245 |
1 |
0 |
|a 101 ways to improve your communication skills instantly
|c Jo Condrill, Bennie Bough
|
| 260 |
0 |
0 |
|a Petaling Jaya :
|b Golden Books Centre ,
|c 2004
|
| 300 |
|
|
|a xi, 109p. :
|b ill. ;
|c 22cm.
|
| 500 |
0 |
0 |
|a One hundred and one ways to improve your communication skills instantly
|
| 650 |
0 |
0 |
|a Interpersonal communication
|
| 700 |
1 |
1 |
|a Bough, Bennie
|
| 999 |
|
|
|a 0000006286
|b Monograph
|c Open Shelf
|e Default branch
|